Quiz o szachach - Statystyki

Ogólne statystyki
  • Ten quiz został rozwiązany 5 348 razy
  • Średni wynik to 9 z 16
Statystyki odpowiedzi
Pytanie Odpowiedź % Poprawnych
Ile jest pól na szachownicy? 64
97%
Które posunięcie pozwala na zmianę pozycji wieży i króla w jednym ruchu? Roszada
88%
Jak nazywa się sytuacja, gdy zawodnik nie jest szachowany, ale nie ma legalnych ruchów? Pat
86%
Które państwo ma najwięcej zawodników w top 100 rankingu? Rosja
72%
Szachy wywodzą się od dawnej gry o nazwie chaturanga. Z jakiego państwa pochodzi ta gra? Indie
67%
Jaka jest najwyższa ranga w szachach, wymagająca zdobycia 2500 punktów w rankingu Elo? Arcymistrz
64%
Jaki specjalny ruch pozwala pionkowi zbić innego pionka, przeskakując go? Bicie w {przelocie}
62%
Od jakiej obrony, nazwanej na cześć śródziemnomorskiej wyspy, zaczyna się prawie 25% partii? Obrona {sycylijska}
61%
Jaki zawodnik osiągnął najwyższy wynik w rankingu w 2014 roku? Magnus Carlsen
60%
Jaki termin odnosi się do ruchu we wczesnej fazie gry, w którym gracz poświęca pionka w zamian za korzystną pozycję na planszy? (wskazówka: zaczyna się od g) Gambit
51%
Kto osiągnął drugi najwyższy wynik w powyższym rankingu? Garry Kasparow
39%
Który amerykański zawodnik pokonał Borisa Spassky'ego zostając mistrzem świata? Bobby Fischer
32%
Jakim terminem określa się wyzwanie polegające na obejściu skoczkiem każdego pola na planszy bez powrotu na wcześniejsze pola? Problem {skoczka} szachowego
30%
Z jakiego kraju pochodził mistrz świata z lat dwudziestych José Raúl Capablanca? Kuba
26%
Który komputer pokonał powyższego jako pierwszy na świecie? Deep Blue
18%
Jaka "maszyna" w XVIII wieku miała być automatycznym graczem w szachy, lecz była tylko mistyfikacją? Mechaniczny {Turek}
13%
Nie znaleziono quizów pasujących do podanych kryteriów
Rozkład punktacji
Procent ludzi z każdym wynikiem
Percentyl według liczby udzielonych odpowiedzi
Twoja historia wyników
Nie rozwiązałeś tego quizu